The Didache : its Jewish sources and its place in early Judaism and Christianity /

This volume demonstrates that we should understand nascent Christianity and early Judaism as sharing to a large extent the same traditions. It throws fresh light on the Jewishness of the Two Ways teaching in Didache 1-6 as it presents a cautious reconstruction of the Jewish prototype of the Two Ways...

وصف كامل

محفوظ في:

المؤلف الرئيسي: Sandt, Hubertus Waltherus Maria van de, 1946-

مؤلفون آخرون: Flusser, David, 1917-2000.

التنسيق: كتاب الكتروني

اللغة: English

منشور في: Assen, Netherlands : Royal Van Gorcum, 2002.

سلاسل: Compendia Rerum Iudaicarum ad Novum Testamentum 3/5.
Compendia Rerum Iudaicarum ad Novum Testamentum Special E-Book Collection, 1974-2014, ISBN: 9789004280090.

الموضوعات:

الوصول للمادة أونلاين: Login to view Source

الوسوم: إضافة وسم

لا توجد وسوم, كن أول من يضع وسما على هذه التسجيلة!

رقم الطلب: BS2940.T5 S26 2002

LEADER 03677cam a2200469Ii 4500
001 BRILL9789004275188
003 nllekb
005 20210602095240.0
006 m d
007 cr un uuuua
008 021021s2002 ne a sb 001 0 eng d
010 |a  2002514668 
020 |a 9789004275188  |q (electronic book) 
020 |z 9789023237631  |q (print) 
024 7 |a 10.1163/9789004275188  |2 DOI 
040 |a NL-LeKB  |c NL-LeKB  |e rda 
050 4 |a BS2940.T5  |b S26 2002 
072 7 |a HRJX  |2 bicssc 
072 7 |a REL040060  |2 bisacsh 
082 0 4 |a 270.1  |2 21 
100 1 |a Sandt, Hubertus Waltherus Maria van de,  |d 1946- 
245 1 4 |a The Didache :  |b its Jewish sources and its place in early Judaism and Christianity /  |c Huub van de Sandt and David Flusser. 
264 1 |a Assen, Netherlands :  |b Royal Van Gorcum,  |c 2002. 
300 |a 1 online resource (xviii, 431 p) :  |b ill. 
336 |a text  |b txt  |2 rdacontent 
337 |a computer  |b c  |2 rdamedia 
338 |a online resource  |2 rdacarrier 
490 1 |a Compendia rerum Iudaicarum ad Novum Testamentum. Section III, Jewish traditions in early Christian literature ;  |v v. 5 
504 |a Includes bibliographical references (p. [374]-404) and indexes. 
505 0 0 |t Preliminary material /  |r Huub van de Sandt and David Flusser --   |t Introduction: History and Text of the Didache /  |r Huub van de Sandt and David Flusser --   |t The Jewish Source ofDidache 1-6: the Two Ways /  |r Huub van de Sandt and David Flusser --   |t The Influence of the Two Ways in Christian Literature /  |r Huub van de Sandt and David Flusser --   |t A Reconstruction of the Two Ways /  |r Huub van de Sandt and David Flusser --   |t The Two Ways as a Jewish Document /  |r Huub van de Sandt and David Flusser --   |t The Two Ways and the Sermon on the Mount /  |r Huub van de Sandt and David Flusser --   |t A Jewish-Christian Addition to the Two Ways: Did 6:2-3 /  |r Huub van de Sandt and David Flusser --   |t The Didache's Ritual: Jewish and Early Christian Tradition (Did 7-1 0) /  |r Huub van de Sandt and David Flusser --   |t The Didache Community and its Jewish Roots (Did 11-15) /  |r Huub van de Sandt and David Flusser --   |t Abbreviations /  |r Huub van de Sandt and David Flusser --   |t Bibliography /  |r Huub van de Sandt and David Flusser --   |t Indices /  |r Huub van de Sandt and David Flusser. 
506 |a Available to subscribing member institutions only. 
520 |a This volume demonstrates that we should understand nascent Christianity and early Judaism as sharing to a large extent the same traditions. It throws fresh light on the Jewishness of the Two Ways teaching in Didache 1-6 as it presents a cautious reconstruction of the Jewish prototype of the Two Ways and traces the Jewish life situation in which the instruction could flourish. In the field of liturgical studies, a significant contribution is made to the discussion of Didache 7-10. It improves our understanding of the Jewish provenance and historical development of Baptism and Eucharist. The book also presents an intriguing look into the ministry of itinerant apostles and prophets (Didache 11-15) considering the larger environment of Jewish religious and cultural history. 
630 0 0 |a Didache. 
630 0 7 |a Didache.  |2 fast 
700 1 |a Flusser, David,  |d 1917-2000. 
776 0 |w (OCoLC)50229418 
830 0 |a Compendia Rerum Iudaicarum ad Novum Testamentum  |v 3/5. 
830 0 |a Compendia Rerum Iudaicarum ad Novum Testamentum Special E-Book Collection, 1974-2014, ISBN: 9789004280090. 
856 4 |z DOI:   |u http://dx.doi.org/10.1163/9789004275188 
942 |c EBOOK 
952 |0 0  |1 0  |4 0  |7 1  |9 13206  |a BRILL  |b BRILL  |d 2021-06-02  |l 0  |r 2021-06-02 00:00:00  |w 2021-06-02  |y EBOOK 
999 |c 34659  |d 34659